| 000 | 00361nam a22001577a 4500 | ||
|---|---|---|---|
| 003 | macl | ||
| 005 | 20240904150507.0 | ||
| 008 | 240904b |||||||| |||| 00| 0 eng d | ||
| 040 | _cmacl | ||
| 082 | _a821 / PAL / P | ||
| 100 |
_aPalgrave's _982468 |
||
| 245 | _aGolden Treasury | ||
| 260 |
_aNew Delhi _bMohan Primlani |
||
| 650 | _aPoetry | ||
| 942 |
_2ddc _cBK |
||
| 999 |
_c66979 _d66979 |
||